| 000 | 00939 a2200229 4500 | ||
|---|---|---|---|
| 999 |
_c7887 _d7887 |
||
| 020 | _a0761942068 (hardcover) | ||
| 020 | _a0761942078 (pbk.) | ||
| 050 | 0 | 0 | _aLB 2369 REA 2006 |
| 100 | 1 |
_aReardon, Denis. _eauthor |
|
| 245 | 1 | 0 |
_aDoing your undergraduate project / _cDenis F. Reardon. |
| 264 |
_aLondon : _bSage _c2006 |
||
| 300 |
_axii, 244 p. : _bill. ; |
||
| 500 | _aIncludes bibliographical references (p. [237]-238) and index. | ||
| 504 | _aIncludes bibliographical references (p. [237]-238) and index. | ||
| 650 | 0 |
_aReport writing _xStudy and teaching (Higher) |
|
| 700 | _aEducation. | ||
| 700 | _aEDUCATION -- Study Skills. | ||
| 856 | 4 | 2 |
_3Publisher description _uhttp://www.loc.gov/catdir/enhancements/fy0660/2006920652-d.html |
| 856 | 4 | 1 |
_3Table of contents _uhttp://www.loc.gov/catdir/enhancements/fy0660/2006920652-t.html |
| 942 |
_2lcc _cBK _h2369 _iREA _kLB |
||